UM Logo

The effect of on-site experience and place attachment on loyalty : (Record no. 21116)

MARC details
000 -LEADER
fixed length control field 00971nam a22002297a 4500
003 - CONTROL NUMBER IDENTIFIER
control field OSt
005 - DATE AND TIME OF LATEST TRANSACTION
control field 20250924191814.0
008 - FIXED-LENGTH DATA ELEMENTS--GENERAL INFORMATION
fixed length control field 240830b ||||| |||| 00| 0 eng d
040 ## - CATALOGING SOURCE
Transcribing agency 0
082 ## - DEWEY DECIMAL CLASSIFICATION NUMBER
Classification number DPer 647.94068 In821 January-December 2019 v. 20 n. 1-4
100 ## - MAIN ENTRY--PERSONAL NAME
Personal name Liu, Xiaoming.
Relator term author.
9 (RLIN) 59595
245 ## - TITLE STATEMENT
Title The effect of on-site experience and place attachment on loyalty :
Remainder of title evidence from Chinese tourist in a hot-spring resort /
Statement of responsibility, etc. Xiaoming Liu, Yi Fu, and Jun Li.
260 ## - PUBLICATION, DISTRIBUTION, ETC. (IMPRINT)
Place of publication, distribution, etc. United kingdom ;
Name of publisher, distributor, etc. Taylor & Francis Group ,
Date of publication, distribution, etc. January-March 2019.
300 ## - PHYSICAL DESCRIPTION
Extent Volume 20, pages 75-100 :
Other physical details illustration ;
Dimensions 25 cm.
500 ## - GENERAL NOTE
General note International Journal of Hospitality & Tourism Administration, vol. 20, no. 1, pages 75-100, January-March 2019.
650 #0 - SUBJECT ADDED ENTRY--TOPICAL TERM
Topical term or geographic name as entry element Tourism
General subdivision Management.
9 (RLIN) 46866
650 #0 - SUBJECT ADDED ENTRY--TOPICAL TERM
Topical term or geographic name as entry element Experience
9 (RLIN) 30869
700 ## - ADDED ENTRY--PERSONAL NAME
Personal name Liu, Xiaoming.
Relator term author.
9 (RLIN) 59595
700 ## - ADDED ENTRY--PERSONAL NAME
Personal name Fu, Yi.
Relator term author.
9 (RLIN) 59596
700 ## - ADDED ENTRY--PERSONAL NAME
Personal name Li, Jun.
Relator term author.
9 (RLIN) 59597
942 ## - ADDED ENTRY ELEMENTS (KOHA)
Source of classification or shelving scheme Dewey Decimal Classification
Koha item type Periodicals
Holdings
Withdrawn status Lost status Source of classification or shelving scheme Damaged status Not for loan Collection code Home library Current library Date acquired Total Checkouts Full call number Date last seen Price effective from Koha item type Public note
    Dewey Decimal Classification     Periodicals UM Digos College - LIC UM Digos College - LIC 08/30/2024   DPer 647.94068 In821 January-December 2019 v. 20 n. 1-4 08/30/2024 08/30/2024 Periodicals Periodical Article